00940nam a2200229 i 4500003000900000005001700009007000300026008004100029040003100070082002400101100003700125245013300162264007600295300004300371336002700414337003300441338002800474650002900502650005400531650006000585650006500645DO-SdBNP20260224100502.0ta240402b1993 dr ac||| |||| 00| 0 spa d aDO-SdBNPbspacBNPHU erda 4a972.9105bM475c2221 aMaza Miquel, Manuel Pabloeautor10aEl clero cubano y la independencia :blas investigaciones de Francisco González del Valle (1881-1942) /cManuel P. Maza Miquel aSanto Domingo :bCentro de Estudios Sociales Padre Juan Montalvo,c1993 a276 páginas :bilustracionesc21 cm. 2rdacontentatextobtxt 2rdamediaasin mediaciónbn 2rdacarrieravolumenbnc 0aCrianza de niñosxCuba 4aCubaxHistoriayGuerra de independencia*1895-1898 4aCubaxHistoriayIntervención norteamericana*1906-1909 0aPsicología infantil xOcupación norteamericana*1899-1902